000 00292 a2200145 4500
001 154990
040 _cEscola São Tomás de Aquino
100 _aJAMES, M.R
240 1 0 _aRoom 13
_lpor
245 1 0 _aRoom 13
300 _a63
362 0 _a2004
697 _aLíngua inglesa
942 _cBK
999 _c154990
_d154990